000 00797nam a2200253Ia 4500
003 OSt
005 20220923210953.0
006 a|||||r|||| 00| 0
007 ta
008 220922b |||||||| |||| 00| 0 hin d
020 _a8126308591 (hb)
024 _a230,863
037 _cTextual
040 _aARTS
_cARTS
_bhin
041 _2hin
_ahin
082 _aO152,6N22x, P3
100 _aदुबे, श्याम चरण
_9156676
245 0 _aपरम्परा और परिवर्तन
246 _aParamparā aur parivartana
260 _aदिल्ली
_b भारतीय ज्ञानपीठ
_c2003
300 _a168पृ.
_ccm.
942 _hO152,6N22x, P3
_cTEXL
_2CC
999 _c293308
_d293308